[Поёт] Жанна Бичевская (Запись № 13285187)

Подробности
000 -МАРКЕР
контрольное поле 03109njm0a2200481 4500
001 - ИДЕНТИФИКАТОР ЗАПИСИ
контрольное поле RU\NLR\ONIZ\298217
005 - ИДЕНТИФИКАТОР ВЕРСИИ
контрольное поле 20250708193818.0
035 ## - ДРУГИЕ СИСТЕМНЫЕ НОМЕРА
Идентификатор записи (NLR Aleph) 021962432
071 00 - ИЗДАТЕЛЬСКИЙ НОМЕР
Номер, присвоенный агентством С60-05123-4
100 ## - ДАННЫЕ ОБЩЕЙ ОБРАБОТКИ
Данные общей обработки 20230529g19 |||y0rusy50 ca
102 ## - СТРАНА ПУБЛИКАЦИИ ИЛИ ПРОИЗВОДСТВА
Страна публикации российская федерация
126 ## - ПОЛЕ КОДИРОВАННЫХ ДАННЫХ: ЗВУКОЗАПИСИ - ФИЗИЧЕСКИЕ ХАРАКТЕРИСТИКИ
Кодированные данные звукозаписи (общие) abbxexu ux
Кодированные данные звукозаписи (уточнения) xxx
127 ## - ПОЛЕ КОДИРОВАННЫХ ДАННЫХ: ПРОДОЛЖИТЕЛЬНОСТЬ ЗВУКОЗАПИСЕЙ И НОТНЫХ ИЗДАНИЙ (МУЗЫКАЛЬНОЕ ИСПОЛНЕНИЕ)
Продолжительность 004000
200 1# - ЗАГЛАВИЕ И СВЕДЕНИЯ ОБ ОТВЕТСТВЕННОСТИ
Основное заглавие [Поёт] Жанна Бичевская
Общее обозначение материала Звукозапись
Сведения, относящиеся к заглавию собирательница и исполнительница русских народных песен
203 ## - ВИД СОДЕРЖАНИЯ И ТИП СРЕДСТВА
Вид содержания Музыка
Дополнительные сведения об издании исполнительская
Тип средства аудио
210 ## - ПУБЛИКАЦИЯ, РАСПРОСТРАНЕНИЕ И ДР.
Место издания, распространения и т.д. Москва
Имя издателя, распространителя и т. д. Мелодия
Дата издания, распространения и т.д. [19--]
Имя изготовителя Завод грампластинок
Место изготовления Ленинград
215 ## - ФИЗИЧЕСКАЯ ХАРАКТЕРИСТИКА
Специфическое обозначение материала и объем 1 грп. [ГОСТ 5289-73] (40 мин) : 33 об/мин, стерео
Размеры 30 см, в конв
327 1# - ПРИМЕЧАНИЯ О СОДЕРЖАНИИ
Текст примечания 1. Донская баллада ;
-- 2. Казачья притча : (Сон Степана Разина) ;
-- 3. Частушки ;
-- 4. Куманёк ;
-- 5. О чём задумался, служивый ;
-- 6. Чёрный ворон ;
-- 7. Окрасился месяц банрянцем ;
-- 8. Матушки ;
-- 9. Комарики ;
-- 10. Цветик мой ;
-- 11. Долюшка ;
-- 12. Вы, сестрицы, поруженьки / исполняют: Ж. Бичевская, пение, гитара, В. Антоненко, скрипка (2, 5, 11), колокола (12)
464 #0 - АНАЛИТИЧЕСКИЙ УРОВЕНЬ
Встроенное поле 2001#$aДонская баллада
Заглавие Донская баллада
464 #0 - АНАЛИТИЧЕСКИЙ УРОВЕНЬ
Встроенное поле 2001#$aКазачья притча$e(Сон Степана Разина)
Заглавие Казачья притча
464 #0 - АНАЛИТИЧЕСКИЙ УРОВЕНЬ
Встроенное поле 2001#$aЧастушки
Заглавие Частушки
464 #0 - АНАЛИТИЧЕСКИЙ УРОВЕНЬ
Встроенное поле 2001#$aКуманёк
Заглавие Куманёк
464 #0 - АНАЛИТИЧЕСКИЙ УРОВЕНЬ
Встроенное поле 2001#$aО чём задумался, служивый
Заглавие О чём задумался, служивый
464 #0 - АНАЛИТИЧЕСКИЙ УРОВЕНЬ
Встроенное поле 2001#$aЧёрный ворон
Заглавие Чёрный ворон
464 #0 - АНАЛИТИЧЕСКИЙ УРОВЕНЬ
Встроенное поле 2001#$aОкрасился месяц банрянцем
Заглавие Окрасился месяц банрянцем
464 #0 - АНАЛИТИЧЕСКИЙ УРОВЕНЬ
Встроенное поле 2001#$aМатушки
Заглавие Матушки
464 #0 - АНАЛИТИЧЕСКИЙ УРОВЕНЬ
Встроенное поле 2001#$aКомарики
Заглавие Комарики
464 #0 - АНАЛИТИЧЕСКИЙ УРОВЕНЬ
Встроенное поле 2001#$aЦветик мой
Заглавие Цветик мой
464 #0 - АНАЛИТИЧЕСКИЙ УРОВЕНЬ
Встроенное поле 2001#$aДолюшка
Заглавие Долюшка
464 #0 - АНАЛИТИЧЕСКИЙ УРОВЕНЬ
Встроенное поле 2001#$aВы, сестрицы, поруженьки$gисполняют: Ж. Бичевская, пение, гитара, В. Антоненко, скрипка (2, 5, 11), колокола (12)
Заглавие Вы, сестрицы, поруженьки
606 1# - НАИМЕНОВАНИЕ ТЕМЫ КАК ПРЕДМЕТ
Наименование темы Русские народные песни для голоса и гитары
Формальный подзаголовок Звукозапись
Код системы nlr_sh
686 0# - ИНДЕКСЫ ДРУГИХ КЛАССИФИКАЦИЙ
Индекс Щ943.4, 8(2)
686 0# - ИНДЕКСЫ ДРУГИХ КЛАССИФИКАЦИЙ
Индекс Щ92(2Р=Рус)-4я43
700 #1 - ИМЯ ЛИЦА - ПЕРВИЧНАЯ ОТВЕТСТВЕННОСТЬ
Системный номер авторитетной/нормативной записи z01790
Начальный элемент ввода Бичевская
Часть имени, кроме начального элемента ввода Ж.В.
Дополнения к именам, кроме дат пение
Даты 1944-
Расширение инициалов личного имени Жанна Владимировна
Код отношения Исполнитель
--
Графика поля Кириллица
790 #1 - ИМЯ ЛИЦА - АЛЬТЕРНАТИВНАЯ ФОРМА
Системный номер авторитетной/нормативной записи z01700
Начальный элемент ввода Bičevskaja
Часть имени, кроме начального элемента ввода Ž.
Даты 1944-
Расширение инициалов личного имени Žanna
Код отношения Исполнитель
--
Графика поля Латинская
801 #0 - ИСТОЧНИК ЗАПИСИ
Страна российская федерация
Организация NLR
Дата составления 20230529
Правила каталогизации PSBO
801 #1 - ИСТОЧНИК ЗАПИСИ
Страна российская федерация
Организация NLR
Дата составления 20230529
Источник данных rusmarc
852 ## - МЕСТОНАХОЖДЕНИЕ И ШИФР ХРАНЕНИЯ
Идентификатор организации NLR
Наименование фонда или коллекции (Sub-Location Identifier) Мг
Шифр хранения (Call Number) 3/9234
Страна
Номер экземпляра 1
942 ## - ДОПОЛНИТЕЛЬНЫЕ ЭЛЕМЕНТЫ ЗАПИСИ (АБИС)
Тип экземпляра АБИС Звукозапись
980 ## - КОЛЛЕКЦИЯ
Название коллекции Национальная библиография
980 ## - КОЛЛЕКЦИЯ
Название коллекции Отдел нот и звукозаписей
Экземпляры
Тип экземпляра Дата поступления Библиотека постоянного хранения Библиотека текущего хранения Место хранения Шифр хранения Статус не для выдачи
Звукозапись 29.05.2023 РНБ (Московский) РНБ (Московский) Фонд нот и звукозаписей 3/9234 3/9234